Remington (Record no. 16225)
[ view plain ]
| 000 -LEADER | |
|---|---|
| fixed length control field | 00516nam a22001577a 4500 |
| 008 - FIXED-LENGTH DATA ELEMENTS--GENERAL INFORMATION | |
| fixed length control field | 161103b xxu||||| |||| 00| 0 eng d |
| 020 ## - INTERNATIONAL STANDARD BOOK NUMBER | |
| International Standard Book Number | 0857110626 |
| 040 ## - CATALOGING SOURCE | |
| Original cataloging agency | KABU |
| Transcribing agency | KABU |
| 050 ## - LIBRARY OF CONGRESS CALL NUMBER | |
| Classification number | RS91 |
| Item number | .R46 2013 V.1 C.1 |
| 245 ## - TITLE STATEMENT | |
| Title | Remington |
| Remainder of title | the science and practice of pharmacy |
| Statement of responsibility, etc. | edited Loyd V. Allen |
| 250 ## - EDITION STATEMENT | |
| Edition statement | 22 ed. |
| 260 ## - PUBLICATION, DISTRIBUTION, ETC. (IMPRINT) | |
| Place of publication, distribution, etc. | UK |
| Name of publisher, distributor, etc. | PhP pharmaceutical press |
| Date of publication, distribution, etc. | 2013 |
| 300 ## - PHYSICAL DESCRIPTION | |
| Extent | xxii, 1852 p. |
| 700 ## - ADDED ENTRY--PERSONAL NAME | |
| Personal name | Allen, Loyd V. |
| 942 ## - ADDED ENTRY ELEMENTS (KOHA) | |
| Source of classification or shelving scheme | Library of Congress Classification |
| Koha item type | General Collection |
| Edition | 22nd ed. |
| Classification part | RS91 .R46 2013 V.1 C.1 |
| Withdrawn status | Lost status | Source of classification or shelving scheme | Not for loan | Home library | Current library | Shelving location | Date acquired | Cost, normal purchase price | Total Checkouts | Total Renewals | Full call number | Barcode | Date last seen | Date last checked out | Copy number | Price effective from | Koha item type |
|---|---|---|---|---|---|---|---|---|---|---|---|---|---|---|---|---|---|
| Library of Congress Classification | Kabarak, Main Campus | Kabarak, Main Campus | General Stacks | 03/11/2016 | 13000.00 | 5 | 1 | RS91 .R46 2013 V.1 C.1 | 027009 | 05/03/2026 | 14/06/2022 | C.1 | 03/11/2016 | General Collection | |||
| Library of Congress Classification | Kabarak, Main Campus | Kabarak, Main Campus | General Stacks | 03/11/2016 | 13000.00 | 3 | 1 | RS91 .R46 2013 V.1 C.2 | 027004 | 07/11/2019 | 30/09/2019 | C.2 | 03/11/2016 | General Collection | |||
| Library of Congress Classification | Kabarak, Main Campus | Kabarak, Main Campus | General Stacks | 03/11/2016 | 13000.00 | RS91 .R46 2013 V.1 C.3 | 027002 | 03/11/2016 | C.3 | 03/11/2016 | General Collection | ||||||
| Library of Congress Classification | Kabarak, Main Campus | Kabarak, Main Campus | General Stacks | 14/06/2022 | 1 | 1 | RS91 .R46 2013 V.1 C.1 | 027007 | 05/03/2026 | 14/06/2022 | 14/06/2022 | General Collection |